Score 0/8 Timer 04:00
0 Plays Today
Question Answer % Correct
What mountain range, which runs the length of the continent, stretches through the entire country of Chile, forming its eastern border?Andes
100%
Along with volcanoes, Chile's geologically active condition means that it often experiences another seismic phenomenon. What event off the coast of the Maule region on February 27?Earthquake
77.4%
What continent is Chile on?South America
77.4%
How many regions is Chile divided into?15
66.7%
Because of the volcanic plates under Chile, Chile is often said to be part of what?Pacific Ring of Fire
52.4%
Chile does not confine its territory to the mainland of South America. Which island is not territory claimed by Chile? Easter Island
28.6%
What is the national motto of Chile?By reason or by force
11.9%
The southernmost portion of mainland Chile is in the region Patagonia. What type of climate/landforms exist there?Glacial
9.5%
Remove Ads.
Support Sporcle.
Get the best of Sporcle when you Go Orange. This ad-free experience offers more features, more stats, and more fun while also helping to support Sporcle. Thank you for becoming a member.

You're not logged in!

Compare scores with friends on all Sporcle quizzes.
OR
Log In

Show Comments

Extras

Created Nov 16, 2010ReportNominate
Tags:chile

Top Quizzes Today


Score Distribution

Your Account Isn't Verified!

In order to create a playlist on Sporcle, you need to verify the email address you used during registration. Go to your Sporcle Settings to finish the process.

Report this User

Report this user for behavior that violates our Community Guidelines.

Details: